[Event "COL-ch"]
[Site "Cartagena"]
[Date "2023.06.09"]
[Round "4"]
[White "Negron Lizarazo, Juan Sebastian"]
[Black "Viloria, Daniel"]
[Result "1-0"]
[WhiteElo "1555"]
[BlackElo "1894"]
[PlyCount "111"]
[EventDate "2023.06.08"]
[EventType "swiss"]
[EventRounds "9"]
[EventCountry "COL"]
[SourceTitle "CBM 215 Extra"]
[Source "ChessBase"]
[SourceDate "2023.09.30"]
[SourceVersion "1"]
[SourceVersionDate "2023.09.30"]
[SourceQuality "1"]

1. d4 Nf6 2. Nf3 c5 3. e3 e6 4. b3 Nc6 5. Bb2 d5 6. Bd3 Be7 7. 0-0 0-0 8. Nbd2 b6 9. Ne5 Bb7 10. f4 cxd4 11. exd4 Nb4 12. Ndf3 Rc8 13. Ng5 Nxd3 14. Qxd3 h6 15. Nh3 Rc7 16. Rf3 Qc8 17. Rc1 Ba6 18. Qd1 Ne4 19. c3 Qe8 20. Nf2 Nxf2 21. Kxf2 f6 22. Ng4 h5 23. Ne3 f5 24. Rh3 g6 25. Qf3 Qb5 26. Rd1 Bf6 27. Nc2 Rfc8 28. Qe3 Kf7 29. Nb4 Bb7 30. Nd3 a5 31. Ne5+ Bxe5 32. Qxe5 a4 33. b4 a3 34. Ba1 Qc4 35. Rd2 Ba6 36. Qe1 Re7 37. Re3 h4 38. Rde2 Qc7 39. Rc2 Qxf4+ 40. Kg1 Rh8 41. Rf2 Qg5 42. Rff3 Bc4 43. Qd2 Qf6 44. Re5 g5 45. h3 Rg8 46. Qf2 Bd3 47. Rxd3 g4 48. hxg4 Rxg4 49. c4 Rc7 50. cxd5 Rc1+ 51. Kh2 Rxa1 52. dxe6+ Ke7 53. Rxf5 Qg6 54. Rf7+ Kxe6 55. d5+ Kd6 56. Rf6+ 1-0

[Event "COL-chT Liga Quintal"]
[Site "Barranquilla"]
[Date "2019.04.07"]
[Round "3.4"]
[White "Vargas Viscaino, Jesus Daniel"]
[Black "Viloria, Daniel"]
[Result "0-1"]
[WhiteElo "1623"]
[BlackElo "1881"]
[PlyCount "116"]
[EventDate "2019.03.17"]
[EventType "team-tourn"]
[EventRounds "7"]
[EventCountry "COL"]
[SourceTitle "EXT 2024"]
[Source "ChessBase"]
[SourceDate "2023.10.10"]
[SourceVersion "1"]
[SourceVersionDate "2023.10.10"]
[SourceQuality "1"]
[WhiteTeam "Quintal A"]
[BlackTeam "Centenario y Asociados"]
[WhiteTeamCountry "COL"]
[BlackTeamCountry "COL"]

1. e4 e5 2. Nf3 Nc6 3. d4 exd4 4. Nxd4 Bc5 5. Nb3 Bb6 6. Nc3 a6 7. Qe2 d6 8. Be3 Bxe3 9. Qxe3 Nf6 10. 0-0-0 0-0 11. f3 b5 12. g4 b4 13. Nd5 Nxd5 14. exd5 Re8 15. Qd2 Ne5 16. Be2 Qh4 17. Nd4 Bd7 18. Rdg1 c5 19. Nf5 Bxf5 20. gxf5 Qf6 21. f4 Nd7 22. Rg2 Kh8 23. h4 Qe7 24. Rhg1 Rg8 25. h5 h6 26. Bd3 Nf6 27. Re2 Qd7 28. Rge1 Rge8 29. Rg1 Rxe2 30. Qxe2 Re8 31. Qg2 Rg8 32. Qf3 Qb7 33. Bc4 a5 34. Re1 Re8 35. Rxe8+ Nxe8 36. Kd2 Qe7 37. Qe2 Qxe2+ 38. Bxe2 Kg8 39. Kd3 Kf8 40. Kc4 Nc7 41. Bf3 Ke7 42. Be4 a4 43. a3 bxa3 44. bxa3 Kd7 45. c3 Ke7 46. Bd3 Ne8 47. Be4 Nc7 48. Bc2 Kf6 49. Be4 Ke7 50. Bd3 Ne8 51. Be2 Kf6 52. Bg4 Nc7 53. Bh3 g6 54. fxg6 fxg6 55. hxg6 Kxg6 56. Bd7 h5 57. Bxa4 Kf5 58. Bd7+ Kxf4 0-1

[Event "COL-ch U2000"]
[Site "Medellin"]
[Date "2016.??.??"]
[Round "4.4"]
[White "Lopez Gaviria, Alvaro Diego"]
[Black "Viloria, Daniel"]
[Result "1-0"]
[WhiteElo "1933"]
[BlackElo "1881"]
[PlyCount "67"]
[EventDate "2016.02.29"]
[EventType "swiss"]
[EventRounds "9"]
[EventCountry "COL"]
[SourceTitle "EXT 2024"]
[Source "ChessBase"]
[SourceDate "2023.10.10"]
[SourceVersion "1"]
[SourceVersionDate "2023.10.10"]
[SourceQuality "1"]

1. d4 Nf6 2. Nf3 g6 3. Bf4 d6 4. e3 c6 5. Be2 Qb6 6. b3 Bg7 7. h3 Nd5 8. Bh2 Qa5+ 9. Qd2 Qxd2+ 10. Kxd2 0-0 11. c4 Nf6 12. Nc3 c5 13. Rad1 cxd4 14. Nxd4 Nc6 15. Bf3 Bd7 16. Rhe1 Rfc8 17. Nxc6 Bxc6 18. e4 Nd7 19. Nd5 Kf8 20. Rc1 Bxd5 21. exd5 Bh6+ 22. Re3 b5 23. cxb5 Rxc1 24. Kxc1 Rc8+ 25. Kd2 Rc5 26. a4 Nb6 27. Kd3 Bxe3 28. fxe3 Nxd5 29. Bd1 e5 30. e4 Ne7 31. Bg1 Rc7 32. b6 axb6 33. Bxb6 Rb7 34. a5 1-0